UFC-Champions (04.12.2024) - Statistiken

Allgemein
  • Dieses Quiz wurde 108 mal gespielt
  • Das Durchschnittsergebnis liegt bei 6 aus 8
Antwortstatistiken
Division Antwort % Korrekt
Heavyweight Jon Jones
94%
Light-Heavyweight Alex Pereira
85%
Bantamweight Merab Dvalishvili
76%
Featherweight Ilia Topuria
75%
Middleweight Dricus du Plessis
72%
Lightweight Islam Makhachev
72%
Flyweight Alexandre Pantoja
70%
Welterweight Belal Muhammad
62%
Keine übereinstimmenden Quizze gefunden
Verteilung der Resultate
Anzahl Personen mit jedem Resultat
Perzentil nach korrekt beantworteten Fragen
Ihre Resultats-Entwicklung
Sie haben dieses Quiz noch nicht gespielt